| 000 | 00841nam a2200241Ia 4500 | ||
|---|---|---|---|
| 005 | 20211111074849.0 | ||
| 008 | 130821s2004 sp gr spa | ||
| 020 | _a8484560325 | ||
| 040 |
_aCo-BoUCM _bspa |
||
| 041 | 0 | 0 | _aspa |
| 100 | 1 |
_aSarmiento Ramírez-Escudero, Daniel _9163744 |
|
| 245 | 1 | 3 |
_aEl control de proporcionalidad de la actividad administrativa _cDaniel Sarmiento Ramírez-Escudero |
| 260 |
_aValencia (España) _bTirant6 Lo Blanch _c2004 |
||
| 300 | _a757 páginas | ||
| 490 |
_aMonografías _v316 |
||
| 504 | _aIncluye bibliografía | ||
| 650 | 0 | 4 |
_aDemocracia _zEspaña _912617 |
| 650 | 0 | 4 |
_aDerecho administrativo _912695 |
| 650 | 0 | 4 |
_aDerecho constitucional _zEspaña _935410 |
| 650 | 0 | 4 |
_aDerechos civiles _zEspaña _9106303 |
| 942 |
_cLIBRO _2DEWEY _a8 _e1 _h342.46 _mS246c |
||
| 999 |
_c53831 _d53831 |
||